[Event "Titled Tuesday intern op 14th Jan Early"]
[Site "Chess.com INT"]
[Date "2025.01.14"]
[Round "1"]
[White "Gascon del Nogal, Jose Rafael"]
[Black "Almedina Ortiz, Edgardo J"]
[Result "1-0"]
[WhiteElo "2450"]
[BlackElo "2225"]
[PlyCount "117"]
[EventDate "2025.01.14"]
[EventType "swiss (blitz)"]
[EventRounds "11"]
[EventCountry "USA"]
[SourceTitle "CB04_2025"]
[SourceDate "2025.01.22"]
[SourceVersion "1"]
[SourceVersionDate "2025.01.22"]
[SourceQuality "1"]

1. e4 c6 2. d4 d5 3. e5 Bf5 4. h4 h5 5. Bd3 Bxd3 6. Qxd3 Qa5+ 7. Nd2 e6 8. Ngf3 Qb5 9. c4 Qa6 10. 0-0 Ne7 11. Qc2 Nd7 12. b3 Nf5 13. Re1 Be7 14. Nf1 Nxh4 15. Nxh4 Bxh4 16. Bf4 Be7 17. Ne3 h4 18. Bh2 h3 19. g4 Bg5 20. f4 Bh4 21. Rf1 g6 22. Rad1 Nb6 23. g5 Nc8 24. Ng4 Ne7 25. Nf6+ Kf8 26. Rf3 Kg7 27. Rdd3 Nf5 28. Rxh3 dxc4 29. bxc4 Rad8 30. Kg2 Rxd4 31. Rxd4 Nxd4 32. Qd2 Qxc4 33. Rd3 Nf5 34. Rd8 Rxd8 35. Qxd8 Qe2+ 36. Kg1 Qf2+ 37. Kh1 Qf3+ 38. Kg1 Bf2+ 39. Kf1 Be3+ 40. Ke1 Qf2+ 41. Kd1 Qd2+ 42. Qxd2 Bxd2 43. Kxd2 Ne7 44. Bg1 Nd5 45. Nxd5 cxd5 46. Bxa7 Kf8 47. Bc5+ Ke8 48. Kc3 Kd7 49. Kb4 Kc6 50. Bd4 b6 51. a4 b5 52. axb5+ Kb7 53. Kc5 Kc7 54. b6+ Kd7 55. Kb5 Kc8 56. Kc6 Kb8 57. Bc5 Kc8 58. b7+ Kd8 59. b8Q# 1-0

[Event "Titled Tuesday intern op 14th Jan Early"]
[Site "Chess.com INT"]
[Date "2025.01.14"]
[Round "4"]
[White "Gascon del Nogal, Jose Rafael"]
[Black "Mesquita, Eduardo Barbosa"]
[Result "1-0"]
[WhiteElo "2450"]
[BlackElo "2014"]
[PlyCount "47"]
[EventDate "2025.01.14"]
[EventType "swiss (blitz)"]
[EventRounds "11"]
[EventCountry "USA"]
[SourceTitle "CB04_2025"]
[SourceDate "2025.01.22"]
[SourceVersion "1"]
[SourceVersionDate "2025.01.22"]
[SourceQuality "1"]

1. e4 c5 2. Nf3 d6 3. d4 cxd4 4. Nxd4 Nf6 5. Nc3 a6 6. Bd3 e6 7. f4 Nbd7 8. Qe2 Qc7 9. g4 b5 10. g5 b4 11. Nd5 exd5 12. exd5+ Be7 13. gxf6 Nxf6 14. Qg2 0-0 15. Rg1 g6 16. f5 Nh5 17. Bh6 Bh4+ 18. Kd2 Re8 19. fxg6 fxg6 20. Bxg6 hxg6 21. Qxg6+ Kh8 22. Qxe8+ Kh7 23. Qg6+ Kh8 24. Qg8# 1-0

[Event "Titled Tuesday intern op 14th Jan Early"]
[Site "Chess.com INT"]
[Date "2025.01.14"]
[Round "9"]
[White "Gascon del Nogal, Jose Rafael"]
[Black "Putnam, Liam H"]
[Result "0-1"]
[WhiteElo "2450"]
[BlackElo "2397"]
[PlyCount "42"]
[EventDate "2025.01.14"]
[EventType "swiss (blitz)"]
[EventRounds "11"]
[EventCountry "USA"]
[SourceTitle "CB04_2025"]
[SourceDate "2025.01.22"]
[SourceVersion "1"]
[SourceVersionDate "2025.01.22"]
[SourceQuality "1"]

1. e4 c5 2. Nf3 d6 3. d4 cxd4 4. Nxd4 Nf6 5. Nc3 a6 6. Bd3 Nc6 7. Nxc6 bxc6 8. 0-0 e5 9. f4 exf4 10. Bxf4 Be7 11. e5 dxe5 12. Bxe5 Ng4 13. Bg3 Ne3 14. Qh5 Nxf1 15. Rxf1 Be6 16. Ne4 Qd5 17. Be5 g6 18. Qf3 Qxe5 19. Nf6+ Bxf6 20. Qxc6+ Ke7 21. Qb7+ Bd7 0-1

[Event "Titled Tuesday intern op 14th Jan Early"]
[Site "Chess.com INT"]
[Date "2025.01.14"]
[Round "7"]
[White "Wagner, Dennis"]
[Black "Gascon del Nogal, Jose Rafael"]
[Result "0-1"]
[WhiteElo "2614"]
[BlackElo "2450"]
[PlyCount "84"]
[EventDate "2025.01.14"]
[EventType "swiss (blitz)"]
[EventRounds "11"]
[EventCountry "USA"]
[SourceTitle "CB04_2025"]
[SourceDate "2025.01.22"]
[SourceVersion "1"]
[SourceVersionDate "2025.01.22"]
[SourceQuality "1"]

1. d4 Nf6 2. c4 g6 3. Nc3 Bg7 4. e4 d6 5. Be2 0-0 6. h4 c5 7. d5 h5 8. Nf3 e6 9. Ng5 exd5 10. exd5 Re8 11. 0-0 Nbd7 12. Bf4 Ne5 13. Qd2 Bf5 14. Rfe1 Nh7 15. Nce4 Nxg5 16. Nxg5 a6 17. a4 b6 18. Ra3 Qe7 19. Re3 Qd7 20. b3 a5 21. Bd1 Re7 22. f3 Rae8 23. Kh2 Bf6 24. Bc2 Kg7 25. Kg3 Bxg5 26. Bxg5 f6 27. Bf4 Kf7 28. Kh2 Qc8 29. Bxe5 Rxe5 30. Rxe5 Rxe5 31. Rxe5 fxe5 32. Bd1 Qd8 33. Kg3 Qf6 34. Qh6 e4 35. Qh7+ Qg7 36. Qxg7+ Kxg7 37. Kf4 exf3 38. gxf3 Kf6 39. Kg3 g5 40. f4 g4 41. Kf2 Bb1 42. Ke3 Kf5 0-1

[Event "Olympiad-45"]
[Site "Budapest"]
[Date "2024.09.14"]
[Round "4.44"]
[White "Tin, Jingyao"]
[Black "Gascon del Nogal, Jose Rafael"]
[Result "1-0"]
[WhiteElo "2580"]
[BlackElo "2454"]
[PlyCount "105"]
[EventDate "2024.09.11"]
[EventType "team-swiss"]
[EventRounds "11"]
[EventCountry "HUN"]
[SourceTitle "EXT 2025"]
[Source "ChessBase"]
[SourceDate "2024.10.14"]
[SourceVersion "1"]
[SourceVersionDate "2024.10.14"]
[SourceQuality "1"]
[WhiteTeam "Singapore"]
[BlackTeam "Venezuela"]
[WhiteTeamCountry "SIN"]
[BlackTeamCountry "VEN"]

1. d4 d5 2. c4 e6 3. Nc3 c5 4. cxd5 cxd4 5. Qa4+ Bd7 6. Qxd4 exd5 7. Qxd5 Nf6 8. Qd1 Bc5 9. Nf3 0-0 10. a3 Qc7 11. Qc2 Nc6 12. g3 Nd4 13. Nxd4 Bxd4 14. Bg2 Bc6 15. 0-0 Bxg2 16. Kxg2 Rfe8 17. Qd3 Bxc3 18. bxc3 Rac8 19. Be3 Qc6+ 20. Kg1 Ne4 21. c4 b6 22. Rac1 h5 23. Rfd1 Red8 24. Qxd8+ Rxd8 25. Rxd8+ Kh7 26. f3 Nf6 27. c5 bxc5 28. Rxc5 Qe6 29. Rd3 Kg8 30. h4 a6 31. Kg2 Kh7 32. Ra5 g6 33. Ra4 Qa2 34. Kf2 Qe6 35. Rf4 Nd5 36. Re4 Qf5 37. Bg5 f6 38. Bd2 g5 39. Red4 Nb6 40. hxg5 fxg5 41. Kg2 g4 42. Bc3 Qe6 43. Re4 gxf3+ 44. exf3 Qa2+ 45. Rd2 Qxa3 46. Bb4 Qc1 47. Re7+ Kg6 48. Rd6+ Kf5 49. Rf7+ Ke5 50. f4+ Ke4 51. Re7+ Kf5 52. Re5+ Kg4 53. Rg5# 1-0

[Event "Olympiad-45"]
[Site "Budapest"]
[Date "2024.09.13"]
[Round "3.24"]
[White "Gascon del Nogal, Jose Rafael"]
[Black "Neiksans, Arturs"]
[Result "1-0"]
[WhiteElo "2454"]
[BlackElo "2571"]
[PlyCount "61"]
[EventDate "2024.09.11"]
[EventType "team-swiss"]
[EventRounds "11"]
[EventCountry "HUN"]
[SourceTitle "EXT 2025"]
[Source "ChessBase"]
[SourceDate "2024.10.14"]
[SourceVersion "1"]
[SourceVersionDate "2024.10.14"]
[SourceQuality "1"]
[WhiteTeam "Venezuela"]
[BlackTeam "Latvia"]
[WhiteTeamCountry "VEN"]
[BlackTeamCountry "LAT"]

1. d4 Nf6 2. Nf3 e6 3. Bg5 h6 4. Bh4 d6 5. Nbd2 g5 6. Bg3 Nh5 7. e4 Bg7 8. c3 Qe7 9. Nc4 f5 10. e5 d5 11. Ncd2 c5 12. dxc5 Nc6 13. Nd4 Nxg3 14. hxg3 Bxe5 15. Bb5 Bd7 16. Qh5+ Qf7 17. Qe2 Qf6 18. Bxc6 bxc6 19. 0-0-0 Bc7 20. Qa6 Rc8 21. Rde1 Kf7 22. Nxc6 Bxg3 23. fxg3 Rxc6 24. Qxa7 Qd8 25. Nf3 Rc7 26. Qb6 Bc8 27. Ne5+ Kf6 28. c6 Kg7 29. Qd4 Qf6 30. a4 f4 31. g4 1-0

[Event "Olympiad-45"]
[Site "Budapest"]
[Date "2024.09.12"]
[Round "2.23"]
[White "Theodorou, Nikolas"]
[Black "Gascon del Nogal, Jose Rafael"]
[Result "1/2-1/2"]
[WhiteElo "2619"]
[BlackElo "2454"]
[PlyCount "63"]
[EventDate "2024.09.11"]
[EventType "team-swiss"]
[EventRounds "11"]
[EventCountry "HUN"]
[SourceTitle "EXT 2025"]
[Source "ChessBase"]
[SourceDate "2024.10.14"]
[SourceVersion "1"]
[SourceVersionDate "2024.10.14"]
[SourceQuality "1"]
[WhiteTeam "Greece"]
[BlackTeam "Venezuela"]
[WhiteTeamCountry "GRE"]
[BlackTeamCountry "VEN"]

1. e4 c5 2. Nf3 Nc6 3. Bb5 e6 4. Bxc6 bxc6 5. b3 d6 6. e5 dxe5 7. Nxe5 Qg5 8. Nf3 Qxg2 9. Rg1 Qh3 10. Nc3 f6 11. Ba3 e5 12. Qe2 Bg4 13. Rg3 Qh5 14. 0-0-0 Nh6 15. Ne4 a5 16. Qc4 Qf7 17. Qa4 Qd5 18. Re1 Be7 19. h3 Bh5 20. c4 Qe6 21. Nh4 g5 22. Ng2 Nf5 23. Rd3 Nd4 24. Bxc5 0-0 25. Bxd4 exd4 26. Ng3 Qxh3 27. Rxe7 Bg6 28. Ne1 Rae8 29. Rxe8 Rxe8 30. Rxd4 Rxe1+ 31. Kb2 Qg2 32. Qxa5 1/2-1/2

[Event "Olympiad-45"]
[Site "Budapest"]
[Date "2024.09.11"]
[Round "1.67"]
[White "Kamara, Ansumana"]
[Black "Gascon del Nogal, Jose Rafael"]
[Result "0-1"]
[WhiteElo "1876"]
[BlackElo "2454"]
[PlyCount "106"]
[EventDate "2024.09.11"]
[EventType "team-swiss"]
[EventRounds "11"]
[EventCountry "HUN"]
[SourceTitle "EXT 2025"]
[Source "ChessBase"]
[SourceDate "2024.10.14"]
[SourceVersion "1"]
[SourceVersionDate "2024.10.14"]
[SourceQuality "1"]
[WhiteTeam "Sierra Leone"]
[BlackTeam "Venezuela"]
[WhiteTeamCountry "SIE"]
[BlackTeamCountry "VEN"]

1. e4 c5 2. Nf3 d6 3. d4 cxd4 4. Nxd4 Nf6 5. Nc3 Nc6 6. Be3 Ng4 7. Qd2 Nxe3 8. fxe3 g6 9. 0-0-0 Bg7 10. h3 h5 11. Kb1 a6 12. a3 Ne5 13. Nd5 e6 14. Nc3 Qc7 15. Be2 Bd7 16. Nf3 Ke7 17. Nd4 b5 18. Na2 Rab8 19. Nb4 Rb6 20. Rhf1 Rc8 21. c3 a5 22. Na2 Qb7 23. Bd3 Kf8 24. Ka1 Kg8 25. Qe2 Ra8 26. Rb1 Bc6 27. Nxc6 Qxc6 28. Rbc1 Qb7 29. Kb1 Nc6 30. Kc2 b4 31. cxb4 axb4 32. Nxb4 Nxb4+ 33. axb4 Rxb4 34. Kd1 Rxb2 35. Bc2 Raa2 36. Qd3 Rxc2 37. Rxc2 Qb1+ 38. Kd2 Rxc2+ 39. Qxc2 Qxf1 40. Qc6 Qxg2+ 41. Kd3 Qf1+ 42. Kd2 Qf2+ 43. Kd3 Qe1 44. Qe8+ Bf8 45. Qa4 d5 46. exd5 exd5 47. Qe8 Qh4 48. Qc8 Qc4+ 49. Qxc4 dxc4+ 50. Kxc4 Kg7 51. Kd5 Kf6 52. e4 g5 53. Kd4 Ke6 0-1

[Event "ESP-chT Rapid"]
[Site "Ubeda"]
[Date "2024.08.25"]
[Round "7.11"]
[White "Gascon del Nogal, Jose Rafael"]
[Black "Lorenzo de la Riva, Lazaro"]
[Result "1-0"]
[WhiteElo "2462"]
[BlackElo "2419"]
[PlyCount "148"]
[EventDate "2024.08.25"]
[EventType "team-swiss (rapid)"]
[EventRounds "7"]
[EventCountry "ESP"]
[SourceTitle "CBM 221 Extra"]
[Source "ChessBase"]
[SourceDate "2024.09.30"]
[SourceVersion "1"]
[SourceVersionDate "2024.09.30"]
[SourceQuality "1"]
[WhiteTeam "Manises Eva"]
[BlackTeam "Barbera"]
[WhiteTeamCountry "ESP"]
[BlackTeamCountry "ESP"]

1. Nc3 c5 2. e4 Nc6 3. Bb5 Nd4 4. Nf3 a6 5. Bc4 e6 6. Nxd4 cxd4 7. Ne2 b5 8. Bb3 Bc5 9. 0-0 Ne7 10. d3 d5 11. exd5 Nxd5 12. Ng3 Bb7 13. Re1 h5 14. Ne4 Be7 15. a4 b4 16. a5 Qc7 17. Ba4+ Kf8 18. Bb3 Kg8 19. Qf3 Rd8 20. Qg3 Qxg3 21. hxg3 f6 22. Nd2 Kf7 23. Nf3 e5 24. Bd2 g5 25. Re2 Bd6 26. Bc4 Kg6 27. Be1 Nc7 28. Nd2 h4 29. Ne4 Be7 30. g4 Nd5 31. Bd2 Bc8 32. f3 Bb7 33. Kh2 Nc7 34. Ra4 Bc6 35. Ra1 Bd5 36. Nf2 Bxc4 37. dxc4 b3 38. cxb3 Rb8 39. b4 Bxb4 40. Nd3 Bxd2 41. Rxd2 Rb3 42. Nc5 Re3 43. b4 h3 44. Rc2 f5 45. b5 hxg2+ 46. Kxg2 fxg4 47. fxg4 axb5 48. cxb5 Nxb5 49. Rb1 Reh3 50. Rcb2 Rh2+ 51. Kg1 Rh1+ 52. Kg2 R1h2+ 53. Kg1 Rh1+ 54. Kg2 R8h2+ 55. Kf3 Rh3+ 56. Kg2 R1h2+ 57. Kg1 Rxb2 58. Rxb2 Na7 59. Rb6+ Kf7 60. Rb7+ Kf6 61. Ne4+ Kg6 62. Rxa7 Re3 63. Ra6+ Kg7 64. Nd6 Ra3 65. Nf5+ Kf7 66. Kf2 Ra4 67. Kf3 d3 68. Ne3 Rf4+ 69. Kg3 e4 70. Nc4 Rf1 71. Nd6+ Ke6 72. Nxe4+ Kd5 73. Nd2 Kd4 74. Nxf1 Kd5 1-0

[Event "ESP-chT CECLUB Div1"]
[Site "Linares"]
[Date "2024.08.19"]
[Round "2.21"]
[White "Sousa, Andre Ventura"]
[Black "Gascon del Nogal, Jose Rafael"]
[Result "0-1"]
[WhiteElo "2432"]
[BlackElo "2462"]
[PlyCount "114"]
[EventDate "2024.08.18"]
[EventType "team-tourn"]
[EventRounds "7"]
[EventCountry "ESP"]
[SourceTitle "CBM 221 Extra"]
[Source "ChessBase"]
[SourceDate "2024.09.30"]
[SourceVersion "1"]
[SourceVersionDate "2024.09.30"]
[SourceQuality "1"]
[WhiteTeam "Ourense"]
[BlackTeam "Eva Manises"]
[WhiteTeamCountry "ESP"]
[BlackTeamCountry "ESP"]

1. e4 c5 2. Nf3 Nf6 3. d3 d6 4. g3 b6 5. Bg2 Bb7 6. 0-0 g6 7. c4 Bg7 8. Nc3 0-0 9. h3 Nc6 10. Be3 Rc8 11. Qd2 Nd7 12. Bh6 Nde5 13. Bxg7 Nxf3+ 14. Bxf3 Kxg7 15. Bg2 a6 16. f4 e5 17. f5 f6 18. h4 Nd4 19. Rf2 Rc7 20. Raf1 b5 21. b3 Rcf7 22. Nd1 bxc4 23. bxc4 gxf5 24. exf5 Bxg2 25. Rxg2 d5 26. Nc3 dxc4 27. dxc4 Rd7 28. Qe3 Nxf5 29. Qxc5 Rc7 30. Qf2 Qd4 31. Nd5 Rxc4 32. Kh2 Nh6 33. Qxd4 Rxd4 34. Nc7 Kf7 35. Rb2 Ng4+ 36. Kh3 h5 37. Nxa6 Rfd8 38. Re1 Rd2 39. Re2 Rd1 40. Kg2 Rc1 41. Rb7+ Kg6 42. Rc7 Rcd1 43. Rcc2 R8d3 44. Nc5 Ne3+ 45. Kh3 Nxc2 46. Nxd3 Nd4 47. Nf2 Ra1 48. Rb2 Kf5 49. Rd2 Nf3 50. Rb2 e4 51. Rb5+ Ne5 52. Rb4 e3 53. Re4 exf2 54. Rf4+ Kg6 55. Rxf2 Ng4 56. Rf4 Rxa2 57. Rxf6+ Nxf6 0-1

[Event "Titled Tuesday intern op 02nd Jul Late"]
[Site "Chess.com INT"]
[Date "2024.07.02"]
[Round "11"]
[White "Gascon del Nogal, Jose Rafael"]
[Black "Ter Sahakyan, Samvel"]
[Result "1/2-1/2"]
[WhiteElo "2462"]
[BlackElo "2616"]
[PlyCount "173"]
[EventDate "2024.07.02"]
[EventType "swiss (blitz)"]
[EventRounds "11"]
[EventCountry "USA"]
[SourceTitle "EXT 2025"]
[Source "ChessBase"]
[SourceDate "2024.10.14"]
[SourceVersion "1"]
[SourceVersionDate "2024.10.14"]
[SourceQuality "1"]

1. d4 Nf6 2. Bf4 d5 3. e3 c5 4. Nf3 Nc6 5. Nbd2 e6 6. c3 cxd4 7. exd4 Nh5 8. Be3 Bd6 9. Ne5 Nf6 10. f4 Qb6 11. Qb3 Ng8 12. Qxb6 axb6 13. Bb5 Nge7 14. a3 f6 15. Nef3 h5 16. g3 Kf7 17. 0-0 Nf5 18. Bf2 Bd7 19. Kg2 Rad8 20. Bd3 Na5 21. Rae1 b5 22. Re2 Nc4 23. Nb3 b6 24. Rfe1 Rdg8 25. Bb1 Bf8 26. Nc1 Nfd6 27. Nd3 Ne4 28. Nb4 Bd6 29. Nd3 Bc6 30. Bg1 Bb7 31. Nf2 f5 32. Nd3 Rh6 33. Ng5+ Ke8 34. h4 Kd7 35. Kh3 Bc6 36. Ba2 Rf8 37. Bb3 g6 38. Ne5+ Nxe5 39. dxe5 Bc5 40. Bd4 Rhh8 41. Nf3 Ke7 42. Bc2 Ra8 43. Bd3 Rhc8 44. Kg2 Bd7 45. Rc2 Be8 46. Rec1 Rc7 47. Ra1 Kd8 48. Rd1 Bd7 49. Rdc1 Ke8 50. Ra1 Rca7 51. Kh3 Ke7 52. Kg2 Ke8 53. Rac1 Ke7 54. Rd1 Rb8 55. Ra1 Rc8 56. Rcc1 Rac7 57. Rc2 Rb7 58. Kh3 Rbc7 59. Kg2 Bxd4 60. Nxd4 Rc5 61. Kh3 R8c7 62. Kg2 Rc8 63. Bxe4 dxe4 64. Kf2 Bc6 65. Ke3 Bd5 66. Rd2 Bc4 67. Rad1 Bd3 68. Re1 Rd5 69. Ra1 Rc4 70. Rad1 Rc8 71. Ra1 Rdc5 72. Nb3 Rc4 73. Nd4 R4c5 74. Nb3 Rd5 75. Nc1 Bc4 76. Ne2 Rxd2 77. Kxd2 Bxe2 78. Kxe2 Rd8 79. Rd1 Rxd1 80. Kxd1 Kd7 81. Kd2 Kc6 82. Ke3 Kc5 83. b3 Kd5 84. Kd2 Kc5 85. Ke3 Kd5 86. Kd2 Kc5 87. Ke3 1/2-1/2

[Event "Titled Tuesday intern op 02nd Jul Late"]
[Site "Chess.com INT"]
[Date "2024.07.02"]
[Round "9"]
[White "Klukin, Kirill"]
[Black "Gascon del Nogal, Jose Rafael"]
[Result "1-0"]
[WhiteElo "2413"]
[BlackElo "2462"]
[PlyCount "73"]
[EventDate "2024.07.02"]
[EventType "swiss (blitz)"]
[EventRounds "11"]
[EventCountry "USA"]
[SourceTitle "EXT 2025"]
[Source "ChessBase"]
[SourceDate "2024.10.14"]
[SourceVersion "1"]
[SourceVersionDate "2024.10.14"]
[SourceQuality "1"]

1. d4 d5 2. c4 e6 3. Nf3 Nf6 4. cxd5 exd5 5. Nc3 h6 6. Bf4 Bd6 7. Bg3 Bxg3 8. hxg3 Bf5 9. e3 c6 10. Bd3 Bxd3 11. Qxd3 0-0 12. 0-0-0 Nbd7 13. Rh4 Qe7 14. Rdh1 Rfe8 15. Qf5 Qe6 16. g4 Ne4 17. Qxe6 Rxe6 18. Nxe4 dxe4 19. Nd2 f6 20. g5 fxg5 21. Rxe4 Rxe4 22. Nxe4 Rf8 23. f3 Re8 24. Kd2 Nb6 25. Kd3 Nd5 26. a3 Re7 27. Re1 a6 28. Re2 Kh7 29. Nc3 Nc7 30. e4 Ne6 31. Ke3 h5 32. d5 Nf4 33. Rd2 cxd5 34. Nxd5 Rd7 35. Nf6+ gxf6 36. Rxd7+ Kg6 37. g3 1-0

[Event "Titled Tuesday intern op 18th Jun Late"]
[Site "Chess.com INT"]
[Date "2024.06.18"]
[Round "6"]
[White "Alekseev, Evgeny V"]
[Black "Gascon del Nogal, Jose Rafael"]
[Result "1-0"]
[WhiteElo "2550"]
[BlackElo "2474"]
[PlyCount "73"]
[EventDate "2024.06.18"]
[EventType "swiss (blitz)"]
[EventRounds "11"]
[EventCountry "USA"]
[SourceTitle "EXT 2025"]
[Source "ChessBase"]
[SourceDate "2024.10.14"]
[SourceVersion "1"]
[SourceVersionDate "2024.10.14"]
[SourceQuality "1"]

1. e4 e5 2. Nf3 Nc6 3. Bc4 Nf6 4. d3 Bc5 5. c3 d6 6. 0-0 a6 7. Bb3 Ba7 8. Be3 Bxe3 9. fxe3 0-0 10. Nbd2 Be6 11. Bc2 h6 12. h3 Ne7 13. Nh4 Nh7 14. d4 c5 15. Kh2 Rc8 16. Bd3 b5 17. Qh5 f6 18. Rf2 Qe8 19. Qe2 Ng5 20. a3 Kh8 21. Raf1 Qd7 22. Nf5 Bxf5 23. exf5 exd4 24. exd4 cxd4 25. cxd4 Nc6 26. Qg4 Qa7 27. h4 Nf7 28. Nf3 Rfe8 29. Rc2 d5 30. Rfc1 Ne7 31. Qf4 Qb8 32. Qxb8 Rxb8 33. g4 b4 34. a4 b3 35. Rc7 Rb4 36. Bxa6 h5 37. Bb5 1-0

[Event "Titled Tuesday intern op 18th Jun Late"]
[Site "Chess.com INT"]
[Date "2024.06.18"]
[Round "3"]
[White "Gascon del Nogal, Jose Rafael"]
[Black "Ferriz Barrios, Andres"]
[Result "1-0"]
[WhiteElo "2474"]
[BlackElo "2102"]
[PlyCount "91"]
[EventDate "2024.06.18"]
[EventType "swiss (blitz)"]
[EventRounds "11"]
[EventCountry "USA"]
[SourceTitle "EXT 2025"]
[Source "ChessBase"]
[SourceDate "2024.10.14"]
[SourceVersion "1"]
[SourceVersionDate "2024.10.14"]
[SourceQuality "1"]

1. e4 e6 2. d4 d5 3. Nc3 dxe4 4. Nxe4 Nd7 5. Nf3 Ngf6 6. Nxf6+ Nxf6 7. Be3 b6 8. Bb5+ Bd7 9. Bd3 Bc6 10. Qe2 Bd6 11. 0-0-0 0-0 12. Ne5 Bb7 13. f3 Nd5 14. Bd2 Be7 15. Kb1 Bg5 16. h4 Bxd2 17. Qxd2 a5 18. g4 Nb4 19. g5 Nxd3 20. Qxd3 Qe7 21. Rdg1 Rad8 22. Qe3 c5 23. dxc5 Qxc5 24. Qxc5 bxc5 25. Rd1 Rd5 26. Rxd5 exd5 27. Nd7 Rc8 28. Re1 c4 29. c3 Bc6 30. Re7 d4 31. Ne5 Bd5 32. cxd4 Kf8 33. Rd7 Be6 34. Ra7 Rd8 35. Rxa5 g6 36. Nc6 Rd6 37. Ra8+ Kg7 38. Ne7 f6 39. Ra7 fxg5 40. Nf5+ Kf6 41. Nxd6 gxh4 42. Rxh7 g5 43. Rh6+ Ke7 44. Ne4 Bf5 45. Kc1 h3 46. Nxg5 1-0

[Event "Madrid-B"]
[Site "Madrid"]
[Date "2024.06.14"]
[Round "7"]
[White "Vega Gutierrez, Sabrina Neide"]
[Black "Gascon del Nogal, Jose Rafael"]
[Result "1-0"]
[WhiteElo "2368"]
[BlackElo "2474"]
[PlyCount "89"]
[EventDate "2024.06.10"]
[EventType "tourn"]
[EventRounds "9"]
[EventCountry "ESP"]
[EventCategory "6"]
[SourceTitle "CBM 220 Extra"]
[Source "ChessBase"]
[SourceDate "2024.07.31"]
[SourceVersion "1"]
[SourceVersionDate "2024.07.31"]
[SourceQuality "1"]

1. e4 c5 2. Nf3 Nc6 3. d4 cxd4 4. Nxd4 Nf6 5. Nc3 e5 6. Ndb5 d6 7. Bg5 a6 8. Na3 b5 9. Nd5 Be7 10. Bxf6 Bxf6 11. c4 b4 12. Nc2 0-0 13. g3 Bg5 14. Bg2 a5 15. 0-0 Be6 16. Qe2 Qb8 17. b3 Qa7 18. Rad1 Rfc8 19. Kh1 a4 20. f4 Bd8 21. f5 Bxd5 22. exd5 Nb8 23. f6 g6 24. Bh3 Nd7 25. Nxb4 axb3 26. axb3 Nxf6 27. Bxc8 Rxc8 28. Nc6 Qd7 29. Nxd8 Qxd8 30. Qf2 Kg7 31. Rd3 e4 32. Rd2 e3 33. Qxe3 Ng4 34. Qd4+ Ne5 35. Rc2 Qe7 36. b4 h5 37. c5 dxc5 38. bxc5 f6 39. c6 Qd6 40. Qc5 Qd8 41. Re2 Ra8 42. Rxe5 fxe5 43. d6 Ra5 44. Qb4 Qa8 45. Qb7+ 1-0

[Event "Madrid-B"]
[Site "Madrid"]
[Date "2024.06.11"]
[Round "2"]
[White "Oro, Faustino"]
[Black "Gascon del Nogal, Jose Rafael"]
[Result "1/2-1/2"]
[WhiteElo "2351"]
[BlackElo "2474"]
[PlyCount "47"]
[EventDate "2024.06.10"]
[EventType "tourn"]
[EventRounds "9"]
[EventCountry "ESP"]
[EventCategory "6"]
[SourceTitle "CBM 220 Extra"]
[Source "ChessBase"]
[SourceDate "2024.07.31"]
[SourceVersion "1"]
[SourceVersionDate "2024.07.31"]
[SourceQuality "1"]

1. d4 Nf6 2. c4 c5 3. d5 g6 4. Nc3 Bg7 5. e4 0-0 6. Nf3 d6 7. h3 e6 8. Be3 exd5 9. cxd5 a6 10. a4 Re8 11. Nd2 Nxe4 12. Ncxe4 f5 13. Be2 fxe4 14. Nc4 Qf6 15. Qd2 Nd7 16. Bf4 e3 17. Bxe3 Ne5 18. Nb6 Rb8 19. 0-0 Bf5 20. a5 Nd7 21. Nc4 Ne5 22. Nb6 Nd7 23. Nc4 Ne5 24. Nb6 1/2-1/2

[Event "Titled Tuesday intern op 30th Jan Late"]
[Site "Chess.com INT"]
[Date "2024.01.30"]
[Round "3"]
[White "Rosenberg, Evan"]
[Black "Gascon del Nogal, Jose Rafael"]
[Result "1/2-1/2"]
[WhiteElo "1985"]
[BlackElo "2475"]
[PlyCount "135"]
[EventDate "2024.01.30"]
[EventType "swiss (blitz)"]
[EventRounds "11"]
[EventCountry "USA"]
[SourceTitle "EXT 2025"]
[Source "ChessBase"]
[SourceDate "2024.10.14"]
[SourceVersion "1"]
[SourceVersionDate "2024.10.14"]
[SourceQuality "1"]

1. c4 e6 2. g3 d5 3. Bg2 d4 4. Nf3 Nc6 5. 0-0 Bc5 6. e3 Nge7 7. exd4 Nxd4 8. d3 Nec6 9. Nbd2 a5 10. Nxd4 Nxd4 11. Nb3 Nxb3 12. axb3 0-0 13. Be3 Bd4 14. Qd2 Ra6 15. Rfe1 c5 16. Bxd4 Qxd4 17. Rxa5 Rxa5 18. Qxa5 Qxb2 19. Qxc5 Qxb3 20. d4 Qc3 21. Re3 Qc1+ 22. Bf1 Qa1 23. Qe5 Rd8 24. d5 Qxe5 25. Rxe5 exd5 26. Rxd5 Rxd5 27. cxd5 Kf8 28. Bc4 Ke7 29. f4 Kd6 30. Kf2 Kc5 31. Bb3 f6 32. Ke3 Bh3 33. Kf3 f5 34. Ba2 g6 35. Bb3 Bf1 36. d6 Kxd6 37. Bg8 h6 38. Bh7 b5 39. Bxg6 Bd3 40. Ke3 Be4 41. Kd4 Ke6 42. Bh7 b4 43. Bg8+ Kf6 44. Bb3 Kg6 45. Kc5 Kh5 46. Bd1+ Kg6 47. Kxb4 h5 48. Kc5 h4 49. Kd4 hxg3 50. hxg3 Kf6 51. g4 Bb1 52. g5+ Kg6 53. Ke5 Be4 54. Bb3 Bb1 55. Bd5 Bc2 56. Bc6 Bb1 57. Be8+ Kg7 58. Bd7 Kg6 59. Be6 Bc2 60. Bd7 Bb1 61. Be8+ Kg7 62. g6 Bc2 63. Bf7 Bb1 64. Be8 Bc2 65. Ke6 Bb1 66. Ke7 Bc2 67. Ke6 Bb1 68. Ke5 1/2-1/2

[Event "Titled Tuesday intern op 26th Dec Early"]
[Site "Chess.com INT"]
[Date "2023.12.26"]
[Round "1"]
[White "Gao, Raymond"]
[Black "Gascon del Nogal, Jose Rafael"]
[Result "0-1"]
[WhiteElo "2001"]
[BlackElo "2475"]
[PlyCount "166"]
[EventDate "2023.12.26"]
[EventType "swiss (blitz)"]
[EventRounds "11"]
[EventCountry "USA"]
[SourceTitle "EXT 2025"]
[Source "ChessBase"]
[SourceDate "2024.10.14"]
[SourceVersion "1"]
[SourceVersionDate "2024.10.14"]
[SourceQuality "1"]

1. e4 c5 2. Nf3 d6 3. d4 cxd4 4. Qxd4 Nc6 5. Qe3 Nf6 6. h3 e5 7. Bc4 Be7 8. 0-0 0-0 9. Nc3 Be6 10. Bb3 Na5 11. Rd1 Qc7 12. Nd5 Bxd5 13. exd5 b5 14. c3 Nc4 15. Bxc4 Qxc4 16. b3 Qe4 17. Ba3 Qxe3 18. fxe3 Rfe8 19. Rac1 a5 20. c4 b4 21. Bb2 Nd7 22. Kf2 Bd8 23. Nd2 Nc5 24. Kf3 f5 25. g4 fxg4+ 26. hxg4 a4 27. Ke2 axb3 28. axb3 Ra2 29. Rc2 Bg5 30. Nf1 e4 31. Rdd2 Nxb3 32. Bd4 Rxc2 33. Rxc2 Nxd4+ 34. exd4 b3 35. Rb2 Rc8 36. Ne3 Bxe3 37. Kxe3 Rxc4 38. Rxb3 Rc1 39. Kxe4 Rg1 40. Kf5 h6 41. Rb8+ Kh7 42. Rd8 Rf1+ 43. Ke6 Rg1 44. Kf5 g6+ 45. Kf4 Rf1+ 46. Kg3 Rf6 47. g5 hxg5 48. Kg4 Rf4+ 49. Kxg5 Rf5+ 50. Kg4 Rxd5 51. Kf3 Rxd4 52. Ke3 Rd1 53. Ke2 Rd5 54. Ke3 Kh6 55. Ke4 Rd1 56. Ke3 Kg5 57. Ke2 Rd5 58. Ke3 Re5+ 59. Kf3 Re6 60. Ra8 Rf6+ 61. Kg3 d5 62. Ra5 Rd6 63. Rb5 Kf5 64. Kf3 g5 65. Ke3 Kg4 66. Kd4 Rd8 67. Rb1 Kh4 68. Rh1+ Kg3 69. Rg1+ Kf4 70. Rf1+ Kg4 71. Rg1+ Kf5 72. Rf1+ Kg6 73. Rf2 g4 74. Rg2 Kg5 75. Rg1 Kf4 76. Rf1+ Kg3 77. Rf7 Kg2 78. Rf6 g3 79. Rf7 Kh2 80. Rh7+ Kg1 81. Rg7 g2 82. Rg6 Rf8 83. Kxd5 Kf2 0-1